000 00694nam a2200229Ia 4500
003 OSt
005 20220925230804.0
006 a|||||r|||| 00| 0
007 ta
008 220923b |||||||| |||| 00| 0 eng d
020 _a9781412995146
_c1339.6300000000001
037 _b707, 21/03/2012, AVIVA BOOKS COMPANY
_cGeneral Book
040 _aRTL
_cRTL
_beng
041 _2eng
_aeng
082 _aX:51, Q2
245 0 _aSAGE BRIEF guide to marketing ethics
260 _aLos
_bAngeles Sage
_c2012
300 _aviii, 218p Appendix: P 215-18
_ccm.
650 _aCommerce
942 _hX:51, Q2
_cGB
_2CC
999 _c586611
_d586611